Normal view
MARC view
- Gabutero, Lorenz Angelo T.
Entry Personal Name
001 - CONTROL NUMBER
- control field: 36802
003 - CONTROL NUMBER IDENTIFIER
- control field: OSt
005 - DATE AND TIME OF LATEST TRANSACTION
- control field: 20190208093530.0
008 - FIXED-LENGTH DATA ELEMENTS
- fixed length control field: 190208|| aca||aabn | a|a d
040 ## - CATALOGING SOURCE
- Original cataloging agency: OSt
- Transcribing agency: OSt
100 ## - HEADING--PERSONAL NAME
- Personal name: Gabutero, Lorenz Angelo T.
670 ## - SOURCE DATA FOUND
- Source citation: Work cat.: (OSt): Gabutero, Lorenz Angelo T., Consumer buying behavior affecting Consumer willingness to buy gadget in Digos City / , November 2018.
